000 00956nam a2200277 a 4500
003 CBULib
005 20240517090929.0
008 190604s2018 ||||||||||||||||| || u
020 _a9789211129281
040 _aCBULib
_bEnglish
_cCBULib
_erda
041 _aeng
050 _aUNCTAD(058)RMT/2018
110 _9359
_aUnited Nations Conference on Trade and Development (UNCTAD)
245 0 0 _aReview of maritime transport : 2018
_c/ by United Nations Conference on Trade And Development (UNCTAD)
260 _aNew York :
_bUnited Nations,
_c2018
300 _axiii, 102 pages : illustrations
336 _2rdacontent
_aText |
_btxt
337 _2rdamedia
_aUnmediated |
_bn
338 _2rdacarrier
_aVolume
_bnc
500 _aBibligraphy
650 _aSHIPPING--STATISTICS--PERIODICALS
650 _aMERCHANT MARITIME-STATISTICS
650 _aWATER TRANSPORT
942 _2mc
_c029
999 _c56486
_d56486